000 01203nam a2200301 i 4500
003 EG-GICUC
005 20260210103227.0
008 260210s1982 ua ||||fr|||| 00| 0 ara d
040 _a EG-GICUC
_bara
_c EG-GICUC
_d EG-GICUC
_erda
041 _aara
082 0 4 _221
_a343.91
_bم ص . م
092 0 4 _221
099 _aLaw1 10 343.91 م ص . م 1982
100 0 _aمصطفى إبراهيم الزلمي
_eمؤلف.
245 1 2 _aالمسؤولية الجنائية في الشريعة الاسلامية :
_bدراسة مقارنة بالقانون /
_cتأليف الدكتور مصطفى إبراهيم الزلمي.
_nالجزء الاول،
264 1 _aبغداد :
_bمطبعة أسعد،
_c1982.
300 _a199 صفحة ;
_c24 سم.
336 _2rda content
_atext
337 _2rda media
_aComputer
338 _2rda carrier
_aOnline Resource
504 _aيشتمل على إرجاعات ببليوجرافية.
546 _aالنص باللغة العربية
650 1 _aالقانون الجنائي
650 1 _aالنظام الجنائي الإسلامي
856 4 0 _uhttps://fll.law.cu.edu.eg/fulltext/bks/B10-08317.pdf
905 _a43
942 _2ddc
_n0
_cBK
_e21
999 _c62359
_d62359